000 00452nam a2200193Ia 4500
008 240510s9999 xx 000 0 und d
020 _a0000534064345
041 _aEng
082 _a005.133
082 _bM14
100 _aMCKEIVEY ,J.
245 0 _aDEBUGGERS HAND BOOK TURBO PASCAL
260 _bCALIFORNIA : WACLSWORTH
260 _c1987
300 _a128 p.
650 _aPASCAL : PROGRAMMING LANGUAGES
942 _2ddc
942 _cLBK
999 _c25664
_d25664
945 _a1
_bMadushi Gamage
_c1
_dMadushi Gamage